| 000 | 00607cam a2200181 a 4500 | ||
|---|---|---|---|
| 001 | 000012286 | ||
| 005 | 20200929162759.0 | ||
| 008 | 840817s1982 ck b 000 0 spa | ||
| 040 |
_aDO-SdBNP _bspa _cBNPHU |
||
| 082 |
_a370 _bO77e |
||
| 100 | 1 |
_aOrtiz Amaya, Jorge. _928935 |
|
| 245 | 1 | 0 |
_aEducar para el año 2000 : _breflexiones críticas sobre educación prospectiva familiar y escolar / _cJorge Ortiz Amaya. |
| 260 |
_aBogotá : _bTercer Mundo, _c1982. |
||
| 300 |
_a304 p. ; _c21 cm. |
||
| 504 | _aBibliografía: p. 297-304. | ||
| 650 | 0 |
_aEducation _xPhilosophy. _94597 |
|
| 650 | 0 |
_aHuman beings. _928936 |
|
| 999 |
_c11943 _d11943 |
||